000 002610000a22000970004500
100 1 _aCruchley Jones, Peter
245 1 0 _aReflecting with Ruth and Mary
300 _aVol. 53, Num. 2 & 3, (Octubre, 2003), Páginas 150-167
773 0 _tReformed World
942 _cANA
999 _c55656
_d55656